Sree Gopalakrishnayya. (Record no. 84876)

MARC details
000 -LEADER
fixed length control field 00792cam a2200265 4500
001 - CONTROL NUMBER
control field sa 68013003
003 - CONTROL NUMBER IDENTIFIER
control field DLC
005 - DATE AND TIME OF LATEST TRANSACTION
control field 20260227112618.0
008 - FIXED-LENGTH DATA ELEMENTS--GENERAL INFORMATION
fixed length control field 691118r1967 ii c 000 0beng
010 ## - LIBRARY OF CONGRESS CONTROL NUMBER
LC control number sa 68013003
025 ## - OVERSEAS ACQUISITION NUMBER
Overseas acquisition number PL480:I-E-10268
040 ## - CATALOGING SOURCE
Original cataloging agency DLC
Transcribing agency DLC
Modifying agency DLC
041 0# - LANGUAGE CODE
Language code of text/sound track or separate title engtel
050 00 - LIBRARY OF CONGRESS CALL NUMBER
Classification number DS481.G6
Item number S82 1967
082 00 - DEWEY DECIMAL CLASSIFICATION NUMBER
Classification number 954.035/0924
-- B
100 2# - MAIN ENTRY--PERSONAL NAME
Personal name Subbarao, Gummidithala Venkata.
245 00 - TITLE STATEMENT
Title Sree Gopalakrishnayya.
250 ## - EDITION STATEMENT
Edition statement [2d ed.]
260 ## - PUBLICATION, DISTRIBUTION, ETC.
Place of publication, distribution, etc. Amalapuram,
Name of publisher, distributor, etc. Goshti Book-House
Date of publication, distribution, etc. [1967]
300 ## - PHYSICAL DESCRIPTION
Extent xii, 225, xvi p.
Other physical details ports.
Dimensions 23 cm.
350 ## - PRICE (NR) (BK AM CF MU VM SE) [OBSOLETE]
Price full calico 10.00
-- ordinary 7.50
500 ## - GENERAL NOTE
General note Reprint of the "Life and Messages of D. Gopalakrishnayya."
500 ## - GENERAL NOTE
General note English and Telugu.
600 10 - SUBJECT ADDED ENTRY--PERSONAL NAME
Personal name Gopalakrishnayya, Duggirala,
Dates associated with a name 1889-1928.

No items available.

Powered by Koha